000 00732nam a2200217Ia 4500
001 10793
003 GE_BSU
008 181216s||||||||xx |||||||||||||| ||und||
040 _cGE_BSU
080 _a94(47+57) "1941-1945" (093.3)
100 _aქავთარაძე,გიორგი.
245 _aღრუბლებში.
245 _bჯარისკაცის ჩანაწერები.
245 _cრედ.მ.წიკლაური; მხატვ.ნ.იანქოშვილი.
260 _aთბილისი.
260 _bსაბჭ.საქართველო.
260 _c1974.
300 _a550გვ;20სმ.
653 _aღრუბლებში.
942 _cBK
999 _c44041
_d44041